000 00419nam a22001697a 4500
999 _c190608
_d190608
005 20220729151753.0
010 _aENG-134098
020 _c145.00
_a9789380005300
035 _aEN-117630
037 _bDBAD/PUB
082 _aS
245 _aAfro-Asian Short Stories/
260 _aNoida
_bMaple Press
_c2009
270 _aH-205,Sector-63,
_bNoida
_e201307
300 _a408p.
_c18cm(pbk)
942 _2ddc
_cEN
_hS
_mAFR